000 00355nam a2200133 a 4500
001 5485
003 CDMR
005 20130116135309.0
008 130130s1992||||||||||||||||||||||||||||d
040 _aCDMR
_bcat
_cCPC GIRONA
245 0 _aPromoción 1987-1992
260 _c1992
_bFacultad de Ciencias de la Información de la Universidad de Navarra
942 _cMON
999 _c5485
_d5485